Revista española del Tercer Sector (Registro nro. 26027)
[ vista simple ]
| 000 -CABECERA | |
|---|---|
| Longitud fija campo de control | 01432nas a2200385 c 4500 |
| 001 - NÚMERO DE CONTROL | |
| Número de control | 26027 |
| 003 - IDENTIFICADOR DE NÚMERO DE CONTROL | |
| Identificador del número de control | ES-MaCES |
| 005 - FECHA Y HORA DE LA ÚLTIMA TRANSACCIÓN | |
| Fecha y hora de la última transacción | 20250319150333.0 |
| 007 - PHYSICAL DESCRIPTION FIXED FIELD--GENERAL INFORMAT | |
| Campo fijo de descripción física | cr ||||||||||| |
| 008 - CAMPO FIJO DE DESCRIPCIÓN FIJA--INFORMACIÓN GENERAL | |
| Códigos de información de longitud fija | 071009c2005 sp tr p 0 b|mul d |
| 017 ## - NÚMERO DE REGISTRO DE DERECHOS DE AUTOR Y DEPÓSITO LEGAL | |
| Número de copyright o de depósito legal | NA 611-2006 |
| Agencia que asigna el número | DL |
| 022 0# - ISSN (INTERNATIONAL STANDARD SERIAL NUMBER) | |
| Número Internacional Normalizado para Publicaciones Seriadas | 1886-0400 |
| 035 ## - NÚMERO DE CONTROL DEL SISTEMA | |
| Número de control del sistema | CES20070000189p |
| 040 ## - FUENTE DE CATALOGACIÓN | |
| Centro catalogador de origen | ES-MaCES |
| Lengua de catalogación | spa |
| Centro transcriptor | ES-MaCES |
| 245 00 - MENCIÓN DE TÍTULO | |
| Título | Revista española del Tercer Sector |
| 260 ## - PUBLICACIÓN, DISTRIBUCIÓN, ETC (PIE DE IMPRENTA) | |
| Lugar de publicación, distribución, etc. | [Madrid] (Pza. de Oriente, 7, bajo izq. - 28013) |
| Nombre del editor, distribuidor, etc. | Fundación Luis Vives |
| Fecha de publicación, distribución, etc. | 2005- |
| 300 ## - DESCRIPCIÓN FÍSICA | |
| Extensión | v. |
| Dimensiones | 24 cm |
| 310 ## - PERIODICIDAD ACTUAL DE LA PUBLICACIÓN | |
| Periodicidad actual | Cuatrimestral |
| 362 0# - DATOS DE LA PUBLICACIÓN Y/O DESIGNACIÓN SECUENCIAL | |
| Fecha de publicación y;o designación secuencial | N. 1 (oct. - dic. 2005)- |
| 500 ## - NOTA GENERAL | |
| Nota general | Resúmenes en español e inglés |
| 500 ## - NOTA GENERAL | |
| Nota general | Desde 2016 sólo ed. electrónica de acceso abierto |
| 541 ## - NOTA DE LA FUENTE INMEDIANTE DE ADQUISICIÓN | |
| Forma de adquisición | Gratuita hasta 2014. Compra desde 2015. A partir de 2016 Gratuita porque sólo hay ed. online de libre acceso |
| 650 #4 - ASIENTO SECUNDARIO DE MATERIA--TÉRMINO DE MATERIA | |
| Término de materia o nombre geográfico como elemento inicial | fundaciones |
| 9 (RLIN) | 30815 |
| 650 #4 - ASIENTO SECUNDARIO DE MATERIA--TÉRMINO DE MATERIA | |
| Término de materia o nombre geográfico como elemento inicial | organización sin fines de lucro |
| 9 (RLIN) | 27312 |
| 650 #4 - ASIENTO SECUNDARIO DE MATERIA--TÉRMINO DE MATERIA | |
| Término de materia o nombre geográfico como elemento inicial | economía social |
| 9 (RLIN) | 30379 |
| 653 10 - TÉRMINO DE INDEXACIÓN--NO CONTROLADO | |
| Término no controlado | Asuntos Sociales |
| 710 2# - ENCABEZAMIENTO SECUNDARIO--NOMBRE CORPORATIVO | |
| Nombre de entidad o nombre de jurisdicción como elemento inicial | Fundación Luis Vives |
| Término indicativo de función | ed. |
| 9 (RLIN) | 3856 |
| 853 21 - LEYENDAS Y PATRÓN--UNIDAD BIBLIOGRÁFICA BÁSICA | |
| Segundo nivel de enumeración | n. |
| Primer nivel de cronología | Año |
| Continuidad en la numeración | c |
| Frecuencia | t |
| 856 4# - ACCESO ELECTRÓNICO | |
| Identificador Uniforme del Recurso (URI) | https://plataforma2030.org/es/numeros-anteriores/hemeroteca-rts |
| Texto del enlace | texto completo desde n. 26 (2014) hasta n. 38 (2018) |
| 866 #0 - FUENTES TEXTUALES--UNIDAD BIBLIOGRÁFICA BÁSICA | |
| Holdings textuales | 2005-2015. |
| Nota pública | Ubicación: DEPÓSITO - 55/1075 |
| 905 ## - CES. DATOS REVISTA | |
| Boletín de sumarios (Sirtex 591$a) | Boletín B |
| Formato | P-OL |
| Kardex | SÍ |
| Abreviatura boletín | RevisEspTerSec |
| Proceso | A + |
| 942 ## - ELEMENTOS KOHA | |
| Fuente de clasificaión o esquema | Clasificación propia del CES |
| Koha [por defecto] tipo de item | Periódicas |
| Parte de clasificación | Asuntos Sociales |
| Serie de enumeración ; cronología | Número de registro | Préstamos totales | Tipo de item de Koha | Prestado | Fecha último préstamo |
|---|---|---|---|---|---|
| n. 1 (oct.- dic. 2005) | 069010 | Periódicas | |||
| n. 2 (ene.- abr. 2006) | 069011 | Periódicas | |||
| n. 3 (may.- ago. 2006) | 069012 | Periódicas | |||
| n. 4 (sep.- dic. 2006) | 069013 | Periódicas | |||
| n. 5 (ene.- abr. 2007) | 069014 | Periódicas | |||
| n. 6 (may.- ago. 2007) | 069015 | Periódicas | |||
| n. 7 (sep.-dic. 2007) | 070078 | Periódicas | |||
| n. 8 (en.-abr. 2008) | 071567 | Periódicas | |||
| n. esp. 9 (2008) | 072358 | Periódicas | |||
| n. 10 (sept.-dic. 2008) | 073263 | Periódicas | |||
| n. 11 (en.-abr. 2009) | 074254 | Periódicas | |||
| n. 12 (mayo-ag. 2009) | 074947 | Periódicas | |||
| n. 14 (en.-abr. 2010) | 076959 | Periódicas | |||
| n. 13 (sept.-dic. 2009) | 077517 | Periódicas | |||
| n. 15 (mayo-ag. 2010) | 077888 | Periódicas | 15/02/2011 | ||
| n. 16 (en.-abr. 2011) [sic] | 078663 | Periódicas | |||
| n. 17 (en.-abr. 2011) | 080515 | Periódicas | |||
| n. 18 (mayo-ag. 2011) | 080516 | Periódicas | |||
| n. 19 (sept.-dic. 2011) | 081017 | 1 | Periódicas | 02/02/2015 | |
| n. 20 (en.-abr. 2012) | 082057 | 1 | Periódicas | 28/03/2014 | |
| n. 24 (2013) | 087540 | Periódicas | |||
| n. 25 (2013-Cuatrimestre III) | 087541 | Periódicas | |||
| n. 26 (2014-Cuatrimestre I) | 087542 | Periódicas | |||
| n. 29 (2015-Cuatrimestre I) | 087543 | Periódicas | |||
| n. 30 (2015-Cuatrimestre II) | 087544 | Periódicas | |||
| n. 31 (2015-Cuatrimestre III) | 087545 | Periódicas | |||
| n. 21 (mayo-ag. 2012) | 087659 | Periódicas | |||
| n. 22 (sept.-dic. 2012) | 087660 | Periódicas | |||
| n. 23 (en.-abr. 2013) | 087661 | Periódicas | |||
| n. 27 (2014-Cuatrimestre II) | 087662 | Periódicas | |||
| n. 28 (2014-Cuatrimestre III) | 087663 | Periódicas |
